U.S. Presidents by Time in Office - Statistics

General Stats
  • This quiz has been taken 13 times
  • The average score is 22 of 44
Answer Stats
Rank Answer Time in Office % Correct
1 Franklin D. Roosevelt 4,422 days
100%
2 (tie) Barack Obama 2,922 days
78%
2 (tie) Bill Clinton 2,922 days
78%
2 (tie) Dwight D. Eisenhower 2,922 days
78%
2 (tie) George W. Bush 2,922 days
78%
2 (tie) Ronald Reagan 2,922 days
78%
2 (tie) Woodrow Wilson 2,922 days
78%
2 (tie) Andrew Jackson 2,922 days
67%
21 James A. Garfield 199 days
67%
2 (tie) James Madison 2,922 days
67%
2 (tie) James Monroe 2,922 days
67%
2 (tie) Thomas Jefferson 2,922 days
67%
22 William Henry Harrison 31 days
67%
6 Calvin Coolidge 2,041 days
56%
11 (tie) George H.W. Bush 1,461 days
56%
3 George Washington 2,865 days
56%
18 Gerald Ford 895 days
56%
2 (tie) Grover Cleveland 2,922 days
56%
11 (tie) Jimmy Carter 1,461 days
56%
11 (tie) Joe Biden 1,461 days
56%
8 Lyndon B. Johnson 1,886 days
56%
2 (tie) Ulysses S. Grant 2,922 days
56%
11 (tie) William Howard Taft 1,461 days
56%
4 Harry S Truman 2,840 days
44%
11 (tie) Herbert Hoover 1,461 days
44%
7 Richard Nixon 2,027 days
44%
19 Warren G. Harding 881 days
44%
14 Andrew Johnson 1,419 days
33%
11 (tie) Benjamin Harrison 1,461 days
33%
15 Chester A. Arthur 1,262 days
33%
11 (tie) Franklin Pierce 1,461 days
33%
11 (tie) James Buchanan 1,461 days
33%
11 (tie) James K. Polk 1,461 days
33%
12 John Adams 1,460 days
33%
16 John F. Kennedy 1,036 days
33%
11 (tie) John Quincy Adams 1,461 days
33%
13 John Tyler 1,430 days
33%
11 (tie) Martin Van Buren 1,461 days
33%
17 Millard Fillmore 969 days
33%
11 (tie) Rutherford B. Hayes 1,461 days
33%
20 Zachary Taylor 492 days
33%
10 Abraham Lincoln 1,503 days
22%
5 Theodore Roosevelt 2,728 days
22%
9 William McKinley 1,654 days
11%
No matching quizzes found
Score Distribution
Percent of People with Each Score
Percentile by Number Answered
Your Score History
You have not taken this quiz